[Event "Corus-C"]
[Site "Wijk aan Zee"]
[Date "2004.01.14"]
[Round "4"]
[White "Carlsen, Magnus"]
[Black "Popov, Valerij"]
[Result "1-0"]
[WhiteElo "2484"]
[BlackElo "2580"]
[Annotator "Gofshtein,Leonid D"]
[PlyCount "51"]
[EventDate "2004.01.10"]
[EventType "tourn"]
[EventRounds "13"]
[EventCountry "NED"]
[EventCategory "9"]
[SourceTitle "CBM 099"]
[Source "ChessBase"]
[SourceDate "2004.03.30"]
[SourceVersion "1"]
[SourceVersionDate "2004.03.30"]
[SourceQuality "1"]

1. e4 {[%mdl 4]} c5 2. Nf3 d6 3. d4 cxd4 4. Nxd4 Nf6 5. Nc3 a6 6. Bg5 e6 7. f4 Qb6 8. Qd2 Qxb2 9. Rb1 Qa3 10. f5 Nc6 11. fxe6 fxe6 12. Nxc6 bxc6 13. e5 Nd5 {13...de is more popular} (13... dxe5 $5) 14. Nxd5 cxd5 15. Bd3 $5 {A relatively rare continuation. Usually white plays 15.Be2 or 15.c4. The idea of Bd3 is to force e5-e4 which easies later the break of the black pawn chain in the center.} (15. c4 $5 dxc4 16. Bxc4 Qc5 (16... d5 17. Bxd5 $2 exd5 18. Qxd5 Bb4+ $19) 17. Be2 d5 (17... Qxe5 $2 18. O-O $16 {1-0 Vogt,L-Espig,L/Colditz 1967/EXT 99/[Bulletin] (29)}) (17... Bd7) 18. Be3 Qc7 19. Rc1 Qxe5 20. Bd4 $36 {1-0 Van de Velden,E-Baak,K/Soest 1995/EXT 98 (37)}) (15. Be2 dxe5 16. O-O Bc5+ (16... Ra7 17. c4 Qc5+ 18. Kh1 d4 $13 {½-½ Grechihin,V-Popov,V/Cherepovets 1997/EXT 99 (38)}) 17. Kh1 Rf8 18. c4 Rxf1+ 19. Rxf1 $44 {0-1 Fischer,R-Geller,E/Monte Carlo 1967/MCD (25)}) ({RR} 15. Be2 dxe5 16. O-O Ra7 17. c4 Qc5+ 18. Kh1 d4 19. Bh5+ g6 20. Bd1 Be7 21. Ba4+ Kd8 22. Rf7 h6 23. Bxh6 e4 24. h3 e5 25. Bg5 e3 26. Bxe3 Rh5 27. Rg7 Rb7 28. Re1 Qb4 29. Qd1 Qd6 {Timman,J (2600)-Sunye Neto,J (2415) Wijk aan Zee 1980 ½-½ (69)}) ({RR} 15. Be2 dxe5 16. O-O Bc5+ 17. Kh1 Rf8 18. c4 Rxf1+ 19. Rxf1 Bd4 20. Qc2 g6 21. cxd5 Qc3 22. Qe4 Bb7 23. Qg4 Bxd5 24. Qh4 Qc2 25. Qxh7 Bxg2+ 26. Kxg2 Qxe2+ 27. Kg3 Ra7 28. Qg8+ Kd7 29. Qd8+ Kc6 {Schuermans,R (2113)-Khabichev,V (2104) Brasschaat BEL 2025 1-0 (39)}) ({RR} 15. Be2 dxe5 16. O-O Ra7 17. c4 Qc5+ 18. Kh1 d4 19. Bh5+ g6 20. Bd1 Be7 21. Ba4+ Kd8 22. Bxe7+ Rxe7 23. Qg5 Kc7 24. Rfe1 Rf8 25. Rxe5 Qb4 26. Rc5+ Kd8 27. Rd1 Qxa4 28. Rxc8+ Kxc8 29. Qc5+ Kb8 {Grechihin,V (2490)-Popov,V (2430) Cherepovets 1997 ½-½ (38)}) 15... dxe5 $146 {[%mdl 8] A novelty. 15...Qc5 was played before as the game given below shows} (15... Qc5 16. Be3 Qc7 17. O-O dxe5 18. Qf2 Bd6 19. Qh4 e4 20. Be2 Be5 21. Bb6 Qd6 22. c4 $44 {1-0 Bezgodov,A-Savon,V/Alushta 1993/TD (36)}) 16. O-O Be7 {Black tries to exchange pieces and to neutralize white's pressure.} 17. Kh1 $146 {A typical prophylaxic move for this kind of position. White gets his king off possible checks} ({RR} 17. Bxe7 Qxe7 18. Qa5 e4 19. Bb5+ Bd7 20. Bxa6 Rf8 21. Qb6 Rf6 22. Bb7 Rxa2 23. Bc6 Rxc2 24. Qb8+ Qd8 25. Bxd7+ Kxd7 26. Qb3 Qc7 27. Qa4+ Ke7 28. Qa8 Rxf1+ 29. Rxf1 Qb6+ 30. Kh1 Rf2 31. Ra1 Kf7 {Matlega,B (2282)-Klimaszewski,D (2000) Wisla 2000 0-1 (33)}) ({RR} 17. Bxe7 Qxe7 18. c4 e4 19. Be2 Bb7 20. cxd5 exd5 21. Qd4 Bc6 22. Bh5+ Kd7 23. Rf7 Qxf7 24. Bxf7 {1-0 (24) Apaydin,F (2103)-Keler,F (2176) Kusadasi 2004}) 17... e4 18. Be2 Rf8 {Black continues with his plan - to exchange as many pieces as possible} (18... Bxg5 19. Qxg5 Qe7 20. Qh5+ g6 21. Qe5 $36) 19. c4 $1 $36 {White breaks black's center in the proper time. Black can't keep his pawn chain} dxc4 (19... Rxf1+ 20. Rxf1 Qb4 21. Qf4 Bxg5 22. Qxg5 Qb2 23. Bd1 $36) 20. Rxf8+ Kxf8 (20... Bxf8 21. Bh5+ g6 22. Qd8+ Kf7 23. Rf1+ Kg8 24. Qc7 $18) 21. Qf4+ Ke8 (21... Kg8 22. Qxe4 Ra7 23. Rb8 $18) 22. Rf1 {Black's position is already defenceless because of the position of his king} (22. Qxe4 $1) 22... Ra7 (22... Bxg5 23. Qf7+ Kd8 24. Rd1+ $18) 23. Qf7+ Kd7 24. Rd1+ Kc6 25. Qe8+ $18 Kb6 (25... Bd7 26. Qxe7 $18) 26. Qxc8 1-0

[Event "Corus-C"]
[Site "Wijk aan Zee"]
[Date "2004.01.19"]
[Round "8"]
[White "Carlsen, Magnus"]
[Black "Werle, Jan"]
[Result "1-0"]
[WhiteElo "2484"]
[BlackElo "2407"]
[PlyCount "73"]
[EventDate "2004.01.10"]
[EventType "tourn"]
[EventRounds "13"]
[EventCountry "NED"]
[EventCategory "9"]
[SourceTitle "CBM 099"]
[Source "ChessBase"]
[SourceDate "2004.03.30"]
[SourceVersion "1"]
[SourceVersionDate "2004.03.30"]
[SourceQuality "1"]

1. e4 c5 2. Nf3 e6 3. d4 cxd4 4. Nxd4 a6 5. c4 Nf6 6. Nc3 d6 7. g3 Qc7 8. Be3 b6 9. Bg2 Bb7 10. O-O Nbd7 11. Rc1 Be7 12. Nd5 exd5 13. cxd5 Qb8 $146 ({RR} 13... Nc5 14. b4 O-O 15. bxc5 bxc5 16. e5 dxe5 17. Nf5 Rfd8 18. d6 Rxd6 19. Rxc5 Qd7 20. Nxd6 Bxg2 21. Kxg2 Bxd6 22. Ra5 Qc7 23. Qf3 e4 24. Qf5 h5 25. Rc1 Qb7 26. Rd1 Be7 27. h3 Re8 28. Ra4 {Baghdasaryan,V (2469)-Kalashian,D (2389) Yerevan 2017 1-0 (55)}) 14. Nc6 Bxc6 15. dxc6 Ra7 16. cxd7+ Nxd7 17. Bh3 O-O 18. Bxd7 Rxd7 19. Qd5 b5 20. Rc6 Qa8 21. Rfc1 Rfd8 22. Bb6 Re8 23. Qf5 Rb7 24. Bd4 Bf8 25. Rc8 Rb8 26. R8c7 Re7 27. Rxe7 Bxe7 28. Rc7 Re8 29. Qd7 Qd8 30. Qc6 Bf8 31. Ra7 Qc8 32. Qd5 Qe6 33. Qxe6 Rxe6 34. f3 d5 35. Ra8 Rc6 36. exd5 Rc7 37. Bc3 1-0

[Event "Corus-C"]
[Site "Wijk aan Zee"]
[Date "2004.01.20"]
[Round "9"]
[White "Pavasovic, Dusko"]
[Black "Carlsen, Magnus"]
[Result "1-0"]
[WhiteElo "2615"]
[BlackElo "2484"]
[Annotator "Postny,Evgeny"]
[PlyCount "117"]
[EventDate "2004.01.10"]
[EventType "tourn"]
[EventRounds "13"]
[EventCountry "NED"]
[EventCategory "9"]
[SourceTitle "CBM 099"]
[Source "ChessBase"]
[SourceDate "2004.03.30"]
[SourceVersion "1"]
[SourceVersionDate "2004.03.30"]
[SourceQuality "1"]

1. e4 e5 2. Nf3 Nc6 3. d4 exd4 4. Nxd4 Nf6 5. Nxc6 bxc6 6. e5 Qe7 7. Qe2 Nd5 8. c4 Nb6 9. Nc3 Qe6 ({Another popular continuation is} 9... a5) 10. Qe4 d5 {This continuation forces the exchange of queens and leads to slightly worse, but playable position for black.} ({The main alternatives are:} 10... Ba6) ({and} 10... Bb4) 11. exd6 cxd6 12. Bd3 (12. Be3 {- see the annotated game Rublevsky,S-Lautier,J/Halkidiki 2002/CBM 92 [Postny,E] (36)}) (12. Bf4 {- was checked in the game Oral,T-Sokolov,I/Selfoss 2002/CBM 92 [Postny,E] (41)}) 12... Qxe4+ (12... Ba6 13. Be3 Qxe4 14. Bxe4 Rc8 15. c5 $1 $36 {1-0 Sutovsky,E-Van den Doel,E/Plovdiv 2003/CBM 98 [Postny,E] (51)}) 13. Bxe4 Bb7 (13... Bd7 14. b3 O-O-O 15. O-O Be7 16. Be3 Rhe8 17. Rac1 Kc7 18. Rfd1 Bf6 19. Bf3 Bf5 20. a4 $14 {½-½ Rublevsky,S-Kunte,A/Bled 2002/EXT 2003 (64)}) 14. b3 g6 $146 {In the preceding games black played 14...d5, but did not manage to equalize.} (14... d5 15. cxd5 cxd5 16. Bf3 $14 {- see the annotated games Movsesian,S-Kharlov,A/Halkidiki 2002/CBM 92 [Postny,E] and Rublevsky,S-Sokolov,I/Halkidiki 2002/CBM 92 [Postny,E]}) 15. Bb2 Bg7 16. O-O-O O-O-O 17. Bf3 {White has small, but stable pressure thanks to superior pawn structure.} c5 $146 {Quite a committing decision.} ({Comes to consideration} 17... f5 $14 {covering the e4 square.}) ({RR} 17... Rhe8 18. Ne4 Bxb2+ 19. Kxb2 Kc7 20. Nf6 Re5 21. Nxh7 Nd7 22. h4 f6 23. h5 gxh5 24. Rxh5 Rxh5 25. Bxh5 Rh8 26. Bg6 Rg8 27. Be4 d5 28. cxd5 cxd5 29. g3 Re8 30. Bd3 Re7 31. Kc3 Kd6 32. Bf5 {Obregon,C (2500)-Dos Santos,R (2432) Buenos Aires 2014 1-0 (57)}) 18. Nb5 $6 {[%csl Ra7,Rd6] An attractive move, but not the best one.} ({Stronger was} 18. Bxb7+ Kxb7 19. Rhe1 Be5 20. Kc2 {keeping stable plus in the endgame.}) 18... Bxb2+ 19. Kxb2 Bxf3 20. gxf3 d5 21. cxd5 Nxd5 22. Rd2 (22. Nxa7+ Kb7 23. Nb5 Kc6 24. Na3 Nb4 25. Nc4 f6 {followed by 26...Nd3 with good chances for a draw.}) 22... a6 23. Rhd1 axb5 $1 {[%mdl 4096] Quite a mature decision from young prodigy. Black goes for rooks endgame with a pawn down, but with clear drawish tendencies.} ({Possible alternative was} 23... Nf4 24. Nd6+ Kc7 25. Nxf7 Rxd2+ 26. Rxd2 Rf8 27. Ng5 $14) 24. Rxd5 Rxd5 25. Rxd5 Kc7 26. Rxc5+ Kb6 27. Re5 (27. b4 Rd8 $11) 27... b4 $1 28. Re7 Rd8 29. Kc2 (29. a4 Rd2+ 30. Kc1 Rxf2 31. Rxf7 Rxh2 $11) 29... Ra8 30. Kb1 Rd8 {White can not prevent the invasion of black's rook.} 31. Rxf7 Rd1+ 32. Kc2 Ra1 33. Kd3 (33. Kb2 Rf1 34. Rxh7 Rxf2+ 35. Kb1 Rxf3 $11) 33... Rxa2 34. Kc4 Rxf2 {Every exchange of pawns keeps black closer to a draw.} 35. h4 Ka5 36. Ra7+ Kb6 37. Rxh7 Rxf3 38. Kxb4 Rf4+ 39. Ka3 Kb5 {Despite an extra pawn, the endgame is drawish. Black just need to exchange kingside pawns.} 40. Rh8 Rg4 41. Rb8+ Ka5 42. Ra8+ Kb5 43. Ra4 Rg3 44. Re4 Rg2 $2 {This blunder may be the result of lack of concentration.} (44... Rh3 $2 45. Rg4) (44... Kc6 $1 45. Kb4 g5 {was leading to clear draw.}) 45. Re5+ Kb6 46. Rg5 $18 {Black can not afford the exchange of rooks and loses his last pawn.} Rh2 47. Rxg6+ Kb5 48. Rg5+ Kb6 49. Rh5 Rg2 50. Ka4 Rf2 51. Rh6+ Kb7 52. b4 {White's win now is just a matter of time.} Rf5 53. h5 Re5 54. b5 Re1 55. Rf6 Ra1+ 56. Kb4 Rb1+ 57. Kc5 Rc1+ 58. Kd6 Kb6 59. Rf5 1-0

[Event "Corus-C"]
[Site "Wijk aan Zee"]
[Date "2004.01.22"]
[Round "10"]
[White "Carlsen, Magnus"]
[Black "Etmans, Maarten D"]
[Result "1-0"]
[WhiteElo "2484"]
[BlackElo "2225"]
[PlyCount "49"]
[EventDate "2004.01.10"]
[EventType "tourn"]
[EventRounds "13"]
[EventCountry "NED"]
[EventCategory "9"]
[SourceTitle "CBM 099"]
[Source "ChessBase"]
[SourceDate "2004.03.30"]
[SourceVersion "1"]
[SourceVersionDate "2004.03.30"]
[SourceQuality "1"]

1. e4 c5 2. Nf3 Nc6 3. Nc3 Nd4 4. Bc4 e6 5. O-O d6 6. Nxd4 cxd4 7. Ne2 Nf6 8. d3 Qb6 $146 ({RR} 8... e5 9. c3 d5 10. exd5 Nxd5 11. cxd4 exd4 12. Nxd4 Bc5 13. Re1+ Ne7 14. Qh5 Qxd4 15. Qxf7+ Kd8 16. Bg5 Qxf2+ 17. Qxf2 Bxf2+ 18. Kxf2 Rf8+ 19. Kg1 Re8 20. Rxe7 Rxe7 21. Re1 b5 22. Rxe7 bxc4 23. Rxa7+ {Smith,W-Vaughn,G Detroit 1991 1-0 (38)}) 9. c3 dxc3 10. Nxc3 Bd7 11. Be3 Qa5 12. d4 d5 13. exd5 exd5 14. Bb3 h6 15. Re1 O-O-O 16. Bf4 Bc6 17. Qf3 Bd6 18. Bxd6 Rxd6 19. Qg3 Qc7 20. Rac1 Re6 21. Qxg7 Rg8 22. Qxh6 Ng4 23. Qh7 Rge8 24. Rxe6 Rxe6 25. Qg8+ 1-0

[Event "Corus-C"]
[Site "Wijk aan Zee"]
[Date "2004.01.23"]
[Round "11"]
[White "Barendse, Ted"]
[Black "Carlsen, Magnus"]
[Result "0-1"]
[WhiteElo "2206"]
[BlackElo "2484"]
[Annotator "Rogozenco,Dorian"]
[PlyCount "58"]
[EventDate "2004.01.10"]
[EventType "tourn"]
[EventRounds "13"]
[EventCountry "NED"]
[EventCategory "9"]
[SourceTitle "CBM 099"]
[Source "ChessBase"]
[SourceDate "2004.03.30"]
[SourceVersion "1"]
[SourceVersionDate "2004.03.30"]
[SourceQuality "1"]

1. e4 c5 2. Nf3 d6 3. d4 cxd4 4. Nxd4 Nf6 5. Nc3 g6 6. Be3 Bg7 7. f3 O-O 8. Qd2 Nc6 9. Bc4 Bd7 10. O-O-O Qa5 11. Bb3 Rfc8 12. g4 (12. h4 $142) 12... Ne5 13. Kb1 b5 {A standard reaction after g2-g4, which weakens pawn f3.} (13... Nc4 14. Bxc4 Rxc4 15. Nb3 Qd8 {is a reasonable alternative.}) 14. Nd5 $2 {White must have mixed up something. Unfortunately the precise knowledge of theory is required in chess, especially when playing such lines of Dragon. On the other hand I must admit that the multitude of variations in these lines require from White a very good memory. General hints might help for that. For instance here the type of arising endgame after Nc3-d5 (in this particular line of Dragon with Qa5 and Rfc8) rarely favours White.} (14. h4 Nc4 15. Bxc4 bxc4 $132) (14. g5 $142 b4 $1 (14... Nh5 15. Nd5 $14 {[%csl Rh5]}) (14... Ne8 $6 15. h4 $14 {/}) 15. Nce2 Nh5 16. Ng3 $13) 14... Qxd2 $15 15. Rxd2 (15. Bxd2 Nxd5 16. exd5 $2 (16. Bxd5 Rab8 $15) 16... Nxg4 17. fxg4 Bxd4 18. h3 Be5 $19 {0-1 Rylander,R-Rosell,T/Haninge 1997 (58)}) 15... Nxd5 16. exd5 (16. Bxd5 Rab8 $15 17. h4 $2 e6 18. Bb3 a5 19. a3 a4 20. Ba2 b4 {and White was in deep troubles in Leygue,D-Rausis,I/Creon 1999}) ({RR} 16. Bxd5 Nc4 17. Bxc4 Rxc4 18. h4 a5 19. h5 b4 20. hxg6 hxg6 21. g5 a4 22. Ne2 a3 23. b3 Rc7 24. Bd4 Rac8 25. Bxg7 Kxg7 26. Nf4 e6 27. Rdh2 Kf8 28. Rh8+ Ke7 29. Nxg6+ fxg6 30. R1h7# {1-0 (30) Sahib,S (2397)-Molina Carretero,D (2189) chess.com INT 2023}) 16... a5 {One single mistake in a theoretical postion might be enough to lose the game in Dragon. Here the disappearance of queens from the board won't save White - he is not able to stop Black's attack anyway.} 17. a3 Rab8 $19 18. c3 $146 (18. Bg5 a4 (18... b4 $2 19. a4) 19. Ba2 b4 {is also hopeless:} 20. Bxe7 (20. axb4 Rxb4 21. Ka1 Nxf3 22. Nxf3 Bxb2+ 23. Kb1 Bxg4 $19) 20... bxa3 21. b3 axb3 $19) ({RR} 18. Re2 a4 19. Ba2 b4 20. axb4 Rxb4 21. Rd1 a3 22. b3 Nxg4 23. fxg4 Bxg4 24. Red2 Bxd1 25. Rxd1 Bxd4 26. Rxd4 Rxd4 27. Bxd4 h5 28. c4 g5 29. Be3 g4 30. Ka1 Rb8 31. Bg5 f6 32. Bh4 Kf7 {Braspenning,R-Boeykens,M (2255) Brasschaat 1991 0-1 (40)}) ({RR} 18. g5 a4 19. Ba2 b4 20. axb4 Rxb4 21. Rf1 Bh3 22. Rff2 Nc4 23. Bxc4 Rcxc4 24. c3 Rxc3 25. Nc6 Rb7 26. Bd4 Bf5+ 27. Ka2 Rc1 28. Rfe2 Bb1+ 29. Ka3 Bc2 30. b4 axb3 31. Rxe7 Bxd4 32. Rxd4 Rb5 {Cabralis,Q (2024)-Harper,R (2236) Port of Spain 2009 0-1 (38)}) 18... b4 19. axb4 (19. cxb4 axb4 20. a4 Ra8 $19) 19... axb4 20. cxb4 (20. c4 Nxc4 21. Bxc4 Rxc4 22. Rc1 {would have been a lesser evil.}) 20... Rxb4 21. Rf1 Bb5 {Black attacks with all pieces. It's a complete disaster for White. The rest does not need any comments, Black can win in many ways.} 22. Rff2 Nd3 23. Nxb5 Rxb3 24. Nd4 Bxd4 25. Bxd4 Nxf2 26. Rxf2 Rd3 27. Bc3 Rcxc3 28. bxc3 Rxc3 29. Re2 Kf8 0-1

[Event "Corus-C"]
[Site "Wijk aan Zee"]
[Date "2004.01.24"]
[Round "12"]
[White "Carlsen, Magnus"]
[Black "Ernst, Sipke"]
[Result "1-0"]
[WhiteElo "2484"]
[BlackElo "2474"]
[Annotator "Lukacs,Peter"]
[PlyCount "57"]
[EventDate "2004.01.10"]
[EventType "tourn"]
[EventRounds "13"]
[EventCountry "NED"]
[EventCategory "9"]
[SourceTitle "CBM 099"]
[Source "ChessBase"]
[SourceDate "2004.03.30"]
[SourceVersion "1"]
[SourceVersionDate "2004.03.30"]
[SourceQuality "1"]

1. e4 {McShane} c6 2. d4 d5 3. Nc3 dxe4 4. Nxe4 Bf5 5. Ng3 Bg6 6. h4 h6 7. Nf3 Nd7 8. h5 Bh7 9. Bd3 Bxd3 10. Qxd3 e6 11. Bf4 Ngf6 12. O-O-O Be7 13. Ne4 Qa5 14. Kb1 O-O 15. Nxf6+ Nxf6 16. Ne5 Rad8 17. Qe2 (17. Qb3 Qb6 18. Qxb6 axb6 {This  is again slightly better for White, but against a good technique this cannot be converted into a win.} 19. c4 b5 $5 {clearing the way for × d5.} 20. cxb5 cxb5 21. g4 Nd5 22. Bc1 Rd6 (22... Rc8 23. f4) 23. f4 Ra8 24. g5 {White still has some activity on the  even without queens.} Rda6 $1 (24... f6 {is a bit passive.} 25. Ng6 Rda6 26. gxh6 gxh6 27. f5 exf5 28. Bxh6 Rxa2 29. Nxe7+ Nxe7 30. Kc2 $14 {Ledger-Gyimesi, Catalan Bay 2003}) 25. gxh6 (25. a3 b4 26. gxh6 gxh6) 25... Rxa2 26. Rdg1 Nb4 27. Rxg7+ Kf8 28. Rxf7+ Ke8 29. Rxe7+ Kxe7 30. b3 Ra1+ 31. Kb2 Nd5 $11) (17. Qg3 {is the theoretical main line these days.} Kh8 18. c4 (18. Rd3 Nd5 (18... c5 $5 19. dxc5 (19. Qf3 Rxd4 (19... cxd4 20. Qxb7 Qc5) 20. Rxd4 cxd4 21. Qxb7 Nd5 22. Bg3 Qa4 23. Qb3 Qa6 {Black has to keep the  for the  on the .} 24. Qd3 Qa4 $13 {Adams-Bareev, Canditas Tournament Gp 2002}) 19... Qxc5 (19... Bxc5 20. Bxh6 $5 gxh6 21. Qf4 Ng8 22. Rxd8 Qxd8 23. Nxf7+ Rxf7 24. Qxf7 $14) 20. Rxd8 Bxd8 21. Be3 Qa5 $13) (18... Qb6 19. Be3 {provoking} Nd5 {after which the  can be hit by c4.} 20. Rb3 Qa6 21. Bc1 Bf6 22. f4 Ne7 23. Qf2 Nf5 24. c3 Bxe5 25. fxe5 Qd3+ 26. Qc2 Qxc2+ 27. Kxc2 Rd7 28. g4 $14 {Z.Almasi-Bareev, BIH-chT Jahorina 2003}) 19. Bd2 Qb6 (19... Qa4 $5) 20. c4 Nf6 21. Be3 Qa6 $1 (21... Qa5 $2 {This slight inaccuracy is enough for getting into trouble.} 22. Rb3 $1 Qa6 23. Qf3 $1 $16 { g4 Apicella-Bauer, Aix les Bains 2003 CBM 97}) 22. Qf3 Kg8 23. g4 Nd7 $1) (18. Qf3 Qd5 19. Qxd5 cxd5 {is a clearly favourable exchange for Black.} 20. f3 Nd7 21. g4 Nxe5 22. Bxe5 Rc8 23. Bf4 Rc6 24. Rhg1 Kh7 25. Rg2 g5 26. Bc1 Bd6 27. Re1 Bb8 28. Rge2 Kg7 $11 {Cao Sang-Ruck, Balatonlelle 2002}) (18. Qb3 Qb6 19. c3 Kg8 20. g4 c5 21. Qxb6 axb6 {The doubled pawns are not really weak.} 22. dxc5 Bxc5 23. f3 Nd5 24. Bc1 b5 $11 {strengthening the position of the blockading  on d5, Dominguez-Dreev, North Sea Cup 2003.}) 18... c5 (18... Nd7 19. Rd3 Bf6 (19... Qa6 {- Akopian-Bareev, Enghien les Bains 2003 CBM 96}) 20. Rhd1 Nxe5 21. Bxe5 Bxe5 22. Qxe5 Qb4 23. Qc5 Qa4 24. b3 Qa6 25. g4 b5 $13 {Karjakin-Van Delft, Open Vienna 2003}) 19. Qf3 (19. Be3 cxd4 20. Bxd4 Kg8 21. Qe3 Rd6 22. Bc3 Qc7 23. g4 Rxd1+ 24. Rxd1 Rd8 25. Rxd8+ {In this  White has a microscopical advantage, which cannot be enough against an expert like Dreev.} Qxd8 26. Qd4 (26. Kc2 a6 27. f3 Qc7 28. Qd4 Bc5 29. Qd3 Bd6 $11 {Wedberg-Dreev, SWE-chT 2002/03}) 26... a6 $11 {De Firmian-Dreev, SWE-chT 2002/03}) 19... cxd4 20. Qxb7 Bd6 21. Rhe1 Rb8 {concentrating on the  on the  looks more to the point.} (21... Nxh5 $6 {Black takes the , but loses the .} 22. Bd2 Qc7 23. Qxc7 Bxc7 24. Nc6 Rd7 25. Bb4 (25. Nxa7 $5) 25... Re8 26. Bc5 $1 (26. Rxd4 Rxd4 27. Nxd4 Nf4 $132 {Landa-Schneider Zinner, Vienna 2003}) 26... d3 27. Nxa7 Nf4 28. g3 d2 (28... Ne2 29. Nb5) 29. Rh1 Nd3 30. Be3 $16) 22. Qf3 Rb6 $1 (22... Nxh5 $4 23. Bd2 $1 $18 {Shirov-Kacheishvili, Rethymnon 2003 CBM 98} (23. Bxh6 $4 gxh6 24. Qxh5 Rxb2+ $19)) (22... Kg8 23. Re2 Rb6 24. Rxd4 Rfb8 25. g4 Qa4 26. Rd3 Rc8 27. b3 Qb4 28. Bd2 Qa3 29. Bc1 Qb4 30. Bb2 a5 31. g5 hxg5 32. h6 $40 {Van Delft-Schuurman, Wijk aan Zee 2003}) 23. g4 Ra6 24. a3 Rb6 25. Ka2 Qa4 $132) 17... c5 $2 { falling into the well-known motif!} (17... Qb6 {- Thipsay-Prakash, IND-ch Mumbai 2003 CBM 94}) (17... Nd5 18. Bc1 c5 19. c4 Nf6 20. dxc5 {½-½ Guerra Bastida-Magem Badals, Mondariz 2002}) 18. Ng6 $1 {[%mdl 64] This devastating  is a simple copy of a previous analyse.} fxg6 $2 {Accepting the sacrifice loses by force.} (18... Rfe8 {was the humble, but best choice.} 19. Nxe7+ Rxe7 20. dxc5 Red7 21. Rxd7 Rxd7 (21... Nxd7 $1 {McShane: Black should be able to recover the c5 pawn.}) 22. Bd6 b6 23. g4 $1 bxc5 24. Be5 $16) 19. Qxe6+ Kh8 20. hxg6 $1 Ng8 $146 ({RR} 20... Rxd4 21. Rxd4 cxd4 22. Qxe7 Kg8 23. Bd6 {1-0 (23) Espinoza Palomino,W (2324)-Condori Aranya,E (2162) Lima 2013}) 21. Bxh6 $1 gxh6 22. Rxh6+ $1 Nxh6 23. Qxe7 {Up to this moment there is no deviation.} Nf7 {} 24. gxf7 $1 $18 {This strong move decides the game immediately!} (24. Qf6+ Kg8 25. Rh1 Nh6 26. Qe7 Nf7 27. Rh3 $1 (27. Qf6 {led only to a draw by repeating of moves after} Nh6 28. Qe7 Nf7 {½:½ Almagro llanos-Gustafsson, Pablo Gorbea mem 2003}) 27... Ng5 28. Rh7 $18) 24... Kg7 (24... Qb6 25. Qe5+ Kh7 26. Rh1+ $18 {and mate is inevitable.}) 25. Rd3 Rd6 (25... Qb6 26. Rg3+ Qg6 27. Rxg6+ Kxg6 28. d5 $18 {and the  is hopeless.}) 26. Rg3+ Rg6 27. Qe5+ Kxf7 28. Qf5+ Rf6 (28... Ke7 29. Re3+ $18) 29. Qd7# {It is rare to give mate nowadays.} 1-0